000
00226nam a2200097Ia 4500
005
20251222114406.0
008
251222s1900||||xx |||||||||||||| ||spa||
082
_a
DVD0120/B34/2007
245
0
_a
Mozart: Don Giovanni:
942
_c
DVD
999
_c
1828
_d
1828